Central Library OPAC University of Rajshahi

Law and the status of Colombian women / (Record no. 45443)

MARC details
000 -LEADER
fixed length control field 00926nam a2200253 a 4500
001 - CONTROL NUMBER
control field 45443
003 - CONTROL NUMBER IDENTIFIER
rucl marc code BD-RjUL
005 - DATE AND TIME OF LATEST TRANSACTION
control field 20211209054020.0
008 - FIXED-LENGTH DATA ELEMENTS--GENERAL INFORMATION
fixed length control field 160726s1975 mau 000 0 eng d
035 ## - SYSTEM CONTROL NUMBER
System control number (BD-RjUL)45561
040 ## - CATALOGING SOURCE
Original cataloging agency TXQ
Transcribing agency TXQ
Modifying agency SOI
-- UMC
-- CLU
-- EQO
-- BD-RjUL
Language of cataloging eng
041 ## - LANGUAGE CODE
Language code of text/sound track or separate title eng
082 ## - DEWEY DECIMAL CLASSIFICATION NUMBER
Edition number 23
Classification number 346.861
Author mark and year ALL 1975
100 1# - MAIN ENTRY--PERSONAL NAME
Personal name Almeida, Josefina Amézquita de
9 (RLIN) 139125
245 10 - TITLE STATEMENT
Title Law and the status of Colombian women /
Statement of responsibility, etc. Josefina Amézquita de Almeida
260 ## - PUBLICATION, DISTRIBUTION, ETC. (IMPRINT)
Place of publication, distribution, etc. Medford, MA :
Name of publisher, distributor, etc. Tufts University,
Date of publication, distribution, etc. 1975.
300 ## - PHYSICAL DESCRIPTION
Pagination vi, 64 p. ;
Size 28 cm.
490 1# - SERIES STATEMENT
Series statement Law and population monograph series ;
Volume/sequential designation no. 32
650 #0 - SUBJECT ADDED ENTRY--TOPICAL TERM
Topical term or geographic name as entry element Women
General subdivision Legal status, laws, etc.
Geographic subdivision Colombia.
9 (RLIN) 139126
Topical term or geographic name as entry element Women's rights
Geographic subdivision Colombia.
9 (RLIN) 139127
710 2# - ADDED ENTRY--CORPORATE NAME
Corporate name or jurisdiction name as entry element Fletcher School of Law and Diplomacy.
Subordinate unit Law and Population Programme.
9 (RLIN) 139128
830 #0 - SERIES ADDED ENTRY--UNIFORM TITLE
Uniform title Law and population monograph series ;
Volume number/sequential designation no. 32
942 ## - ADDED ENTRY ELEMENTS (KOHA)
Source of classification or shelving scheme Dewey Decimal Classification
Koha item type Books
Holdings
Lost status Source of classification or shelving scheme Damaged status Not for loan Collection code Permanent Location Current Location Shelving location Date acquired Total Checkouts Full call number Date last seen Copy number Koha item type
  Dewey Decimal Classification   Not For Loan Non-fiction Central Library, University of Rajshahi Central Library, University of Rajshahi Reading Room 21/08/1981   346.861 ALL 1975 26/07/2016 C-2 Books